Helsingin katuja 1: Kruununhaka - Statistics

Yleistilastot
  • Tätä visaa on pelattu 123 kertaa
  • Keskiarvotulos 17 / 32
Vastaustilastot
nimi % Oikein
katu Liisankatu – Elisabetsgatan
90%
katu Mariankatu – Mariegatan
83%
katu Snellmaninkatu – Snellmansgatan
82%
katu Unioninkatu – Unionsgatan
81%
katu Aleksanterinkatu – Alexandersgatan
79%
katu Kirkkokatu – Kyrkogatan
74%
katu Pohjoisranta – Norra kajen
74%
katu Meritullinkatu – Sjötullsgatan
69%
katu Hallituskatu – Regeringsgatan
64%
katu Maurinkatu – Mauritzgatan
63%
katu Oikokatu – Gengatan
62%
katu Rauhankatu – Fredsgatan
62%
katu Kristianinkatu – Kristiansgatan
54%
katu Ritarikatu – Riddaregatan
53%
katu Sofiankatu – Sofiegatan
53%
katu Vironkatu – Estnäsgatan
53%
katu Kulmakatu – Vinkelgatan
49%
katu Maneesikatu – Manegegatan
49%
katu Siltavuorenpenger – Brobergsterassen
47%
katu Välikatu – Mellangatan
46%
katu Helenankatu – Helenegatan
45%
aukio Senaatintori – Senatstorget
45%
katu Katariinankatu – Katrinegatan
44%
katu Yrjö-Koskisen katu – Yrjö-Koskinens gata
40%
katu Kruununhaankatu – Kronohagsgatan
37%
katu Pohjoisesplanadi – Norra Esplanaden
37%
katu Kirjatyöntekijänkatu – Bokarbetaregatan
32%
katu Siltavuorenranta – Brobergskajen
28%
aukio Snellmaninaukio – Snellmansplatsen
28%
aukio Meritullintori – Sjötullstorget
19%
katu Tervasaarenkannas – Tjärholmsnäset
18%
aukio Päävartiontori – Högvaktstorget
13%
Ehtoja vastaavia visoja ei löytynyt
Tulosjakauma
Jokaisen tuloksen saaneiden osuus
Persentiili vastausten määrän mukaan
Tuloshistoriasi
Et ole pelannut tätä visaa